00996nam a2200277 a 450000100100000000500170001000800410002704000250006804100190009308200180011210000360013024500670016626000370023330000370027054600250030759000260033265000320035865000280039065000340041865000320045265000270048470000370051191000370054895201160058599900170070100003181020251030152032.0110706nuuuuuuuudr ac f 000 0dspa d aDO-SdBNPbspacBNPHU17aspabeng2MARC a700.92bN218w1 aNaranjo, Yolanda,d1968-95802410aWelcome /cYolanda Naranjo ; presentación de Ada Balcácer. a[Santo Domingo :bs.n.,c20--?]. a[78] p. :bil., retrs. ;c18 cm. aInglés, Español. aInventariado, 2018/LP 4aArtistas dominicanos958025 4aMujeres artistas958026 4aGrabadores dominicanos958027 0aArte contemporáneo919845 4aArte dominicano937843 aBalcácer, Adaepresent.924847 aValidado. Control de calidad EMS 0010718PDaPDbPDcHDd2011-07-06iLF1l0o700.92 N218wp31810-10r2020-06-25w2020-06-25yLFPDZNo se presta c31302d31302